000
00303nam a2200121Ia 4500
008
190216s9999||||xx |||||||||||||| ||und||
100
_a
Damodarlal Ganga
245
0
_a
Hindi-Pracheena Bharath Ka Rehasyamay Vonjaan
260
_b
Appolo Prakashan
_c
2010
300
_a
166
650
_a
Hindi
942
_c
BK
999
_c
16899
_d
16899